Central Library OPAC University of Rajshahi

Walter De La Mare / (Record no. 19241)

MARC details
000 -LEADER
fixed length control field 00723nam a2200241I 4500
001 - CONTROL NUMBER
control field 19241
003 - CONTROL NUMBER IDENTIFIER
rucl marc code BD-RjUL
005 - DATE AND TIME OF LATEST TRANSACTION
control field 20211209000414.0
008 - FIXED-LENGTH DATA ELEMENTS--GENERAL INFORMATION
fixed length control field 140223s1953 enk 1 eng d
035 ## - SYSTEM CONTROL NUMBER
System control number (BD-RjUL)19299
040 ## - CATALOGING SOURCE
Original cataloging agency BOS
Language of cataloging eng
Transcribing agency WSU
Modifying agency BD-RjUL
041 ## - LANGUAGE CODE
Language code of text/sound track or separate title eng
082 04 - DEWEY DECIMAL CLASSIFICATION NUMBER
Classification number 821.9
Author mark and year HOW 1953
100 1# - MAIN ENTRY--PERSONAL NAME
Personal name Hopkins, Kenneth.
9 (RLIN) 59198
245 10 - TITLE STATEMENT
Title Walter De La Mare /
Statement of responsibility, etc. Kenneth Hopkins.
260 ## - PUBLICATION, DISTRIBUTION, ETC. (IMPRINT)
Place of publication, distribution, etc. London :
Name of publisher, distributor, etc. Published for the British Council by Longmans, Green,
Date of publication, distribution, etc. 1953 [1957].
300 ## - PHYSICAL DESCRIPTION
Pagination 44 p. :
Size 22 cm.
490 1# - SERIES STATEMENT
Series statement Writers and their work,
Volume/sequential designation no. 36.
600 10 - SUBJECT ADDED ENTRY--PERSONAL NAME
Personal name De la Mare, Walter,
Dates associated with a name 1873-1956.
830 #0 - SERIES ADDED ENTRY--UNIFORM TITLE
Volume number/sequential designation 36.
Uniform title Writers and their work,
942 ## - ADDED ENTRY ELEMENTS (KOHA)
Source of classification or shelving scheme Dewey Decimal Classification
Koha item type Books
Holdings
Lost status Source of classification or shelving scheme Damaged status Not for loan Collection code Permanent Location Current Location Shelving location Date acquired Source of acquisition Total Checkouts Full call number Date last seen Copy number Koha item type Cost, normal purchase price
  Dewey Decimal Classification   Not For Loan Fiction Central Library, University of Rajshahi Central Library, University of Rajshahi Reading Room 25/06/1981 N/A   821.9 HOW 1953 23/02/2014 C-1 Books  
  Dewey Decimal Classification     Fiction Central Library, University of Rajshahi Central Library, University of Rajshahi   04/04/1964 Zeitlinger   821.9 HOW 1957 30/04/2017 C-2 Books 2.60
  Dewey Decimal Classification     Fiction Central Library, University of Rajshahi Central Library, University of Rajshahi General Stacks 24/10/1955 Mokurrum   821.9 HOW 1953 09/05/2022 C-3 Books 1.10